| 000 | 00900cam a22003011 4500 | ||
|---|---|---|---|
| 001 | 76393 | ||
| 003 | BD-RjUL | ||
| 005 | 20211209082832.0 | ||
| 008 | 191201s1951 xx a 001 0 eng | ||
| 035 | _a(BD-RjUL)76614) | ||
| 035 | _a(OCoLC)838932 | ||
| 040 |
_aDLC _cMeWC _dUk _dDLC _beng |
||
| 041 | _aeng | ||
| 042 | _apremarc | ||
| 082 |
_a709.42 _223 _bLET 1951 |
||
| 100 | 2 |
_aLees-Milne, James. _9235790 |
|
| 245 | 1 | 0 |
_aTudor Renaissance. / _cLees-Milne, James. |
| 260 |
_aLondon, _aNew York, _bBatsford _c[1951] |
||
| 300 |
_aviii, 152 p. : _billus. (part col.) ports. (part col.) ; _c23 cm. |
||
| 650 | 0 |
_aArt _zGreat Britain. _9235792 |
|
| 650 | 0 |
_aArt, Renaissance. _9235793 |
|
| 906 |
_a7 _bcbc _coclcrpl _du _encip _f19 _gy-gencatlg |
||
| 942 |
_2ddc _cBK |
||
| 999 |
_c76393 _d76393 |
||